000 00520nam a2200157 4500
008 170120b xxu||||| |||| 00| 0 eng d
022 _a0893-8989
082 _aDPer 363.205 P75 May-Dec 2015 V. 39
100 _918482
_aMurgado, Amaury
245 _aGetting your project approved/
_cAmaury Murgado.
260 _aCalifornia:
_bBobit Business Media,
_cc2015.
300 _apage 6;
_c28 cm.
500 _aPolice: the law enforcement magazine.
650 0 _918483
_aProject proposal
_xLaw enforcement
942 _2ddc
_cPER
999 _c6107
_d6107